000 00421nam a2200145Ia 4500
008 151021s9999 xx 000 0 und d
020 _a157553570
050 _aPS 65 .T62 1997
245 _a_An Evolving Secret The National Library of Poetry / Chris Tyler
260 _a[s.l] Watermark Press, 1997
300 _aiv,275 p.
500 _aIncludes index
650 _a_Poetry
980 _a^d20110420 12:10:29^okilerai
999 _c7099
_d7099